000 00884nam0a22002411 4500
001 rc\2739499
005 20250529140728.0
035 _a(NLR Aleph) 006866693
090 _a6904170
_c6904170
100 _a20110915d1937 |||y0rusy50 ca
101 0 _arus
102 _aRU
105 _aae z |||a|
200 1 _aУ охотничьего костра
_eСборник рассказов
_fСост. Сергей Качиони
210 _aЧелябинск
_cЧелябгиз
_d1937
_eСвердловск
_gтип. треста "Полиграфкнига"
215 _aПереплет, 222, [2] с.
_cил.
_d21х13 см.
300 _aПереплет и заставки: А. Кикин
700 1 _aКачиони
_bС.С.
_gСергей Спиридонович
801 0 _aRU
_bNLR
_gpsbo
801 1 _aRU
_bELAR
_2rusmarc
852 _aNLR
_j37-3/696
942 _cBOOK
980 _aNB